| 000 | 00487nam a22001697a 4500 | ||
|---|---|---|---|
| 003 | BD-DhUL | ||
| 005 | 20190827113958.0 | ||
| 008 | 190827s0000 pk ||||| |||| 00| 0 urd d | ||
| 040 |
_aBD-DhUL _cBD-DhUL |
||
| 082 |
_a954 _bIBD |
||
| 100 | 3 | _aابن حسن | |
| 245 | 1 | 0 |
_aدولت معلیہ کی ہیئتمرکزی / _cابن حسن |
| 260 |
_aلاہور : _bمجلس ترقی ادب، _c۔ |
||
| 300 |
_aص۔ ۵۵۱ ؛ _c۲۲ سم۔ |
||
| 650 | 4 | _aIndia - History | |
| 942 |
_2ddc _cBK |
||
| 999 |
_c249440 _d249440 |
||